00618nam a2200133Ia 4500008004100000100002400041245010300065245016800168260005300336260000900389300001000398650001500408856006100423170221s9999 xx 000 0 und d aNailya Sh. Valeyeva 4aThe Managerial Mechanism of Social Sphere Future Specialists’ Professional World View Formation  cNailya Sh. Valeyeva, Roman V. Kupriyanov, Elvira R. Valeyeva, Marina I. Nadeyeva, Tatyana N. Guryanova, Natalya I. Yurtayeva, Zhanna E. Kaysarova, Albina A. Safina bInternational Review of Management and Marketing c2017 a7 : 1 xMarketing. uhttp://www.econjournals.com/index.php/irmm/issue/view/71